000 00809nam a22002177a 4500
003 dpl
005 20120111142616.0
008 090604t xxu||||| |||| 00| 0 eng d
020 _cRs 315.00
035 _aB-223157
037 _bRP-Satya N-17 / UBH-07-08:2 / RP-07-08:ENG
040 _cdpl
082 _a000
100 _aGyan Prakash
_938939
245 _aR. Gupta's popular master guide LLB entrance examination
_cby Gyan Prakash
260 _aNew Delhi
_bRamesh Publishing House
_c2008
270 _a12-H, New Daryaganj Raod, Opp. Traffic Kotwali
_bNew Delhi
_cDelhi
_e110002
_k23261567
_l011-23275124
300 _aVarious pagings
_c24 cm (pbk)
942 _adpl
_cEN
_2ddc
_h000
_mGYA
999 _c60721
_d60721